Statistics for Muse Songs From Black Holes & Revelations

Click here to take the quiz!

General Stats

  • This quiz has been taken 120 times
  • The average score is 9 of 11

Answer Stats

Answer% Correct
Supermassive Black Hole
95%
Starlight
90%
Knights Of Cydonia
89%
Assassin
81%
Take A Bow
77%
Soldier's Poem
75%
Map Of The Problematique
73%
City Of Delusion
70%
Hoodoo
70%
Invincible
68%
Exo-Politics
67%

Score Distribution

Percentile by Number Answered

Percent of People with Each Score

Your Score History

You have not taken this quiz